[Event "Saratov Aratovsky Memorial 6th"]
[Site "Saratov"]
[Date "2006.11.29"]
[Round "3"]
[White "Vingurt, Grigorij"]
[Black "Korchmar, Vasiliy"]
[Result "1-0"]
[WhiteElo "2140"]
[BlackElo "1912"]
[PlyCount "65"]
[EventDate "2006.11.27"]
[EventType "swiss"]
[EventRounds "9"]
[EventCountry "RUS"]
[SourceTitle "EXT 2008"]
[Source "ChessBase"]
[SourceDate "2007.11.25"]
[SourceVersion "1"]
[SourceVersionDate "2007.11.25"]
[SourceQuality "1"]

1. e4 d5 2. exd5 Qxd5 3. Nc3 Qa5 4. d4 c6 5. Nf3 Bg4 6. h3 Bh5 7. g4 Bg6 8. Ne5 e6 9. Bg2 Bd6 10. Bf4 Bxe5 11. Bxe5 f6 12. Bd6 Qd8 13. Ba3 Ne7 14. Ne4 Bxe4 15. Bxe4 Nd7 16. Qd2 Nb6 17. b3 Qc7 18. c4 0-0-0 19. 0-0-0 e5 20. Qb4 Rhe8 21. dxe5 Rxd1+ 22. Rxd1 Qxe5 23. f3 f5 24. gxf5 Nxf5 25. Bb2 Qf4+ 26. Kb1 g6 27. Qa5 Kb8 28. Rd8+ Rxd8 29. Be5+ Qxe5 30. Qxe5+ Ka8 31. Bxf5 gxf5 32. Qxf5 Rg8 33. Qxh7 1-0